Ecritures, cultures, sociétés dans les nécropoles d'Italie ancienne: table-ronde des 14-15 décembre 2007 -Mouvements et trajectoires dans les nécropoles d'Italie d'époque pré-républicaine et républicaine-, ENS Paris

Enregistré dans:
Détails bibliographiques
Auteur principal: Haack, Marie-Laurence (Auteur)
Format: Livre
Langue:français
Publié: París Ausonius Éditions 2009
Édition:1a. ed
Collection:Études, 23
Sujets:
Tags: Ajouter un tag
Pas de tags, Soyez le premier à ajouter un tag!

MARC

LEADER 00000cam a2200000 a 4500
001 UCD5286
003 CL-VaPUC
008 160819e20090000fr |||||||||||||||||fre|d
020 |a 9782356130099 
082 0 4 |a 945.02  |b HAA  |2 21 
100 |a Haack, Marie-Laurence  |e author  |9 622350 
245 1 0 |a Ecritures, cultures, sociétés dans les nécropoles d'Italie ancienne: table-ronde des 14-15 décembre 2007 -Mouvements et trajectoires dans les nécropoles d'Italie d'époque pré-républicaine et républicaine-, ENS Paris 
250 |a 1a. ed 
300 |a 250 p 
942 |c BK 
945 |d 20160819 12:52:00  |a arojas 
260 |a París  |b Ausonius Éditions  |c 2009 
650 7 |a NECROPOLIS  |2 CL-VaPUC  |9 589044 
650 0 |a Historia de Italia  |9 362027 
650 0 |a Historia antigua  |9 267521 
650 7 |a SOCIEDAD ANTIGUA  |2 CL-VaPUC  |9 499222 
651 0 |a Italia  |9 254949 
583 |a last modification  |c 20160819 12:52:00  |k Rodrigo Vera 
490 0 |a Études, 23 
999 |c 366005  |d 366003 
952 |0 0  |1 0  |3 erd  |4 0  |6 945_020000000000000_HAA_2009  |7 0  |8 A  |9 480007  |a BIBHIS  |b BIBHIS  |i 5338360  |o 945.02 HAA 2009  |p 5338360  |r 2025-01-20  |w 2019-11-24  |y BK  |z Catalogado en:20160819  |k HIS